|
|
|
|
| LEADER |
00697nab a2200181 i 4500 |
| 001 |
acta17750 |
| 005 |
20210615090158.0 |
| 008 |
161015s1970 hu o 0|| hun d |
| 022 |
|
|
|a 0371-3458
|
| 040 |
|
|
|a SZTE Egyetemi Kiadványok Repozitórium
|b hun
|
| 041 |
|
|
|a hun
|
| 100 |
1 |
|
|a Geréb György
|
| 245 |
1 |
0 |
|a Huzamos időn át végzett egyhangú tevékenység mozgásviszonyainak alakulása modell-kísérletek kapcsán
|h [elektronikus dokumentum] /
|c Geréb György
|
| 260 |
|
|
|c 1970
|
| 300 |
|
|
|a 229-249
|
| 490 |
0 |
|
|a A Szegedi Tanárképző Főiskola tudományos közleményei
|
| 695 |
|
|
|a Pszichológia
|
| 856 |
4 |
0 |
|u http://acta.bibl.u-szeged.hu/17750/1/tanarkepzo_1970_1_229-249.pdf
|z Dokumentum-elérés
|